000 00335nam a22001457a 4500
020 _a978-81-264-2336-1
082 _a894.812.1
_bSRE/K
100 _aKUREEPUZHA SREEKUMAR
245 _aKUREEPUZHA SREEKUMARINTE KAVITHAKAL
260 _aKOTTAYAM
_bDC BOOKS
_c2018
300 _a284
520 _aPOETRY
650 _aPOETRY
942 _cBK
999 _c4468
_d4468